000 00850nam a22002297a 4500
008 240610b mp ||||| |||| 00| 0 mon d
020 _a9789997318404
035 _a23959
040 _aUVS1285160
_bmon
_cMN-UlNLM
_dMN-UlNLM
_erda
041 _amon
042 _a73072
084 _2NNA
_a84(5Мон)
_bН 282
100 _aНанжид Б.
245 0 _aНар сар Рах
264 _aУлаанбаатар
_bМонсудар
_c2020
300 _aх.
336 _2rdacontent
_atext
_btxt
337 _2rdamedia
_aunmediated
_bn
338 _2rdacarrier
_avolume
_bnc
650 _aХүмүүсийн муу муухай сэтгэлээс нэгэн мангас үүсжээ. Ховдог тэр мангас хамаг бүхнийг залгих болов. Хичнээн ихийг идсэн ч цүдгэр ...
942 _2NNA
_cBK
999 _c947214
_d947271